Statistieken voor Argentinië Trivia Quiz

Klik hier om de quiz te nemen!

Algemene statistieken

  • Deze quiz is 92 keer genomen
  • De gemiddelde score is 14 van 21

Antwoordstatistieken

HintAntwoord% Correct
Officiële taalSpaans
98%
HoofdstadBuenos Aires
97%
ValutaPeso
90%
Argentijnse dansTango
90%
Voetballer die 6 keer de
Ballon d'Or heeft gewonnen
Lionel Messi
90%
Land waar Argentinië in 1982 een
oorlog tegen vocht
Verenigd Koninkrijk
86%
Eilanden waar ze over vochtenFalkland Eilanden
85%
Voetballer die de
"Goal van de Eeuw" scoorde
Diego Maradona
78%
Bergketen waar het bovenstaande
deel van uitmaakt
Andes
78%
Argentijnse pausFranciscus
66%
Element waar Argentinië naar
vernoemt is
Zilver
64%
Riviermonding tussen
Argentinië en Uruguay
Río de la
{Plata}
61%
Dunbevolkte zuidelijke regio
gedeeld met Chili
Patagonië
61%
Economisch nummer dat
12.000% raakte in 1989
Inflatie
61%
Vruchtbare graslanden in het noordenDe {Pampas}
59%
Argentijnse marxistische revolutionairChe Guevara
58%
Zuidelijke eilanden groepTierra del
{Fuego}
56%
Term voor een Argentijnse cowboyGaucho
49%
Hoogste bergAconcagua
39%
Watervallen op de Braziliaanse grensIguazu Falls
37%
Argentijnse barbecue styleAsado
29%

Scoreverdeling

Percentiel versus Aantal Correcte Antwoorden

Procent van Mensen met Elke Score

Uw Scoregeschiedenis

U heeft deze quiz nog niet genomen